| 000 | 00690nam a2200193 a 4500 | ||
|---|---|---|---|
| 001 | 2544 | ||
| 003 | CDMR | ||
| 005 | 20130711143341.0 | ||
| 008 | 130130s2000||||sp |||||||||||||||||||||d | ||
| 040 |
_aCDMR _bcat _cCPC LLEIDA |
||
| 111 | 2 |
_aCongrés de Ràdio Municipal _91910 _cBarcelona _d2000 _n1r |
|
| 245 | 1 | 4 |
_aLes ràdios municipals en el llindar del 2000 _c: Congrès de Ràdio Municipal : Barcelona, 4, 5 i 6 de febrer del 2000 |
| 260 |
_aBarcelona _c2000 _bFederació d'Organismes i Entitats de Ràdios Locals |
||
| 300 | _a371 p. | ||
| 500 | _aTextos en català i castellà | ||
| 650 | 0 | 4 |
_93756 _aRàdio local _vCongressos _zCatalunya |
| 650 | 0 | 4 |
_93109 _aRàdio pública |
| 942 |
_cMON _2udc |
||
| 999 |
_c2544 _d2544 |
||